|
|
|
|
| LEADER |
00000nab a2200000 ar4500 |
| 001 |
vtls009937462 |
| 003 |
SK-MaSNL |
| 005 |
20260303045030.0 |
| 008 |
090807c2009 xo |||||| | ||00 b|slo |
| 015 |
|
|
|a SNBRB2009/08
|2 snkbucl
|
| 038 |
|
|
|a SNKBUCL
|
| 040 |
|
|
|a SNKBUCL
|b slo
|c SNKBUCL
|e AACR2
|
| 041 |
1 |
|
|a slo
|
| 044 |
|
|
|a xo
|c SK
|
| 080 |
|
|
|a 908(213.522.74)
|2 2001
|
| 080 |
|
|
|a 908(688.1)
|2 2001
|
| 100 |
1 |
|
|a Trippel, Katja
|4 aut
|9 1035019
|
| 245 |
1 |
0 |
|a Niekto to rád horúce
|c Katja Trippelová (text) a Solvin Zankl (foto)
|
| 300 |
|
|
|b Fotogr., mp.
|
| 610 |
2 |
7 |
|a Gobabeb (výskumná stanica : Namib, Namíbia)
|2 snkbucl
|9 1035020
|
| 650 |
0 |
7 |
|a výskumné stanice
|2 snkbucl
|9 650040
|
| 650 |
0 |
7 |
|a výskum púští
|2 snkbucl
|9 1035021
|
| 651 |
|
7 |
|a Namib (Namíbia)
|2 snkbucl
|9 182743
|
| 651 |
|
7 |
|a Kuiseb (Namíbia)
|2 snkbucl
|9 1035022
|
| 700 |
1 |
|
|a Zankl, Solvin
|4 pht
|9 1035023
|
| 773 |
0 |
|
|t GEO
|g Roč. 5, č. 6 (2009), s. 52-65
|x 1336-8001
|
| 852 |
|
|
|a SNK
|b KIS3GCP
|
| 958 |
|
|
|a NA
|
| 999 |
|
|
|c 1702322
|d 1704252
|